Pays avec le plus de séismes par an - Statistiques

Statistiques générales
  • Ce quiz a été pris 26 fois
  • Le résultat moyen est 5 sur 7
Statistiques - réponses
Hint Réponse % Correct
700 / an Chine
96%
1500 / an Japon
91%
500 / an Etats-Unis
87%
1 200 / an Indonésie
83%
450 / an Philippines
61%
400 / an Turquie
52%
650 / an Iran
48%
Aucun quiz correspondant
Distribution des résultats
% des personnes avec chaque résultat
Percentile par nombre de réponses
Votre historique - résultats
Vous n’avez pas pris ce quiz